[Event "17th TCh-Eur"]
[Site "Novi Sad SRB"]
[Date "2009.10.29"]
[Round "8"]
[White "Bacrot,E"]
[Black "Navara,D"]
[Result "1/2-1/2"]
[WhiteElo "2709"]
[BlackElo "2692"]

1.e4 c5 2.Nf3 e6 3.d4 cxd4 4.Nxd4 Nc6 5.Nc3 d6 6.g4 a6 7.Be3 Nge7 8.f4 b5
9.Qd2 Bb7 10.O-O-O Nxd4 11.Bxd4 Nc6 12.Be3 Be7 13.Kb1 Rc8 14.g5 Na5 15.a3 Nc4
16.Bxc4 Rxc4 17.Rhg1 Bxe4 18.b3 Rxc3 19.Qxc3 O-O 20.Bc1 Re8 21.Bb2 Bf8 22.Rd2 Qa8
23.h4 Rc8 24.Qh3 Bf5 25.Qg3 a5 26.h5 a4 27.h6 axb3 28.Qxb3 d5 29.hxg7 Bxg7
30.Bxg7 Kxg7 31.Qb2+ Kg8 32.Rc1 Rc4 33.Rd4 Rxd4 34.Qxd4 Qxa3 35.Qf6 Qd6 36.Qd4 Be4
37.Kb2 Qxf4 38.Ra1 Qb8 39.Qf6 b4 40.Ra7 Qxa7  1/2-1/2

[Event "Corsica Masters"]
[Site "Bastia FRA"]
[Date "2009.10.30"]
[Round "8"]
[White "Gruenfeld,Y"]
[Black "Hamdouchi,H"]
[Result "0-1"]
[WhiteElo "2474"]
[BlackElo "2590"]

1.e4 c5 2.Nf3 e6 3.d4 cxd4 4.Nxd4 Nc6 5.Nc3 d6 6.Be3 Nf6 7.f4 Be7 8.Qf3 e5
9.Nxc6 bxc6 10.fxe5 dxe5 11.Bc4 O-O 12.O-O Qa5 13.Kh1 Rb8 14.Bb3 Kh8 15.Bd2 Qc7
16.Bg5 Ng4 17.Bxe7 Qxe7 18.Qg3 Nh6 19.Rfe1 Bg4 20.Nd1 Bh5 21.Nf2 f5 22.exf5 Rxf5
23.Ne4 Rbf8 24.h3 Bg6 25.Rad1 Rh5 26.Kg1 Bxe4 27.Rxe4 Qf6 28.Re2 Rg5 29.Qd3 Rf5
30.Qd6 Rf1+ 31.Kh2 Qf4+ 32.g3 Qf2+  0-1

[Event "IV Open"]
[Site "Bogota COL"]
[Date "2009.10.30"]
[Round "2"]
[White "Univio Sanchez,G"]
[Black "Guerrero Fandino,G"]
[Result "1-0"]
[WhiteElo "2003"]
[BlackElo "2143"]

1.e4 c5 2.Nc3 e6 3.Nf3 Nc6 4.d4 cxd4 5.Nxd4 Nf6 6.Ndb5 d6 7.Bf4 e5 8.Bg5 a6
9.Na3 b5 10.Nd5 Be7 11.Bxf6 gxf6 12.Bd3 Be6 13.c3 f5 14.Qh5 f4 15.g3 Bf6
16.gxf4 Bxd5 17.exd5 Ne7 18.fxe5 Bxe5 19.f4 Bf6 20.Nc2 Qb6 21.Qh6 Ng8 22.Qh3 b4
23.Nxb4 a5 24.Nc6 Kf8 25.O-O-O Rc8  1-0

[Event "World Seniors"]
[Site "Condino ITA"]
[Date "2009.10.30"]
[Round "4"]
[White "Tseshkovsky,V"]
[Black "Kaufman,La"]
[Result "1-0"]
[WhiteElo "2549"]
[BlackElo "2401"]

1.e4 c5 2.Nf3 e6 3.d4 cxd4 4.Nxd4 Nc6 5.Nc3 Qc7 6.Be3 a6 7.Qd2 Nf6 8.O-O-O Bb4
9.f3 Ne5 10.Nb3 b5 11.Qf2 O-O 12.Bb6 Qb8 13.Bd4 Be7 14.f4 Ng6 15.e5 Ng4 16.Qe2 Nh6
17.g3 Nf5 18.Bg2 Bb7 19.Bxb7 Qxb7 20.Bc5 Bxc5 21.Nxc5 Qc6 22.N3e4 Ra7 23.Qf2 Rfa8
24.g4 Nfe7 25.Rd6 Qc8 26.f5 Nxe5 27.f6 N7g6 28.g5 Rc7 29.fxg7 f5 30.gxf6 Nf7
31.Rhd1 Nge5 32.b3 a5 33.h4 Rc6 34.Rxd7 Nxd7 35.Rxd7 Rc7 36.Nd6 Qxd7 37.Nxd7 Rxd7
38.Nxb5 a4 39.Qf3 Rc8 40.Qe4 axb3 41.axb3 e5 42.c4 Rcd8 43.Kc2 Rd1 44.c5  1-0

[Event "Open"]
[Site "Liberec CZE"]
[Date "2009.10.30"]
[Round "8"]
[White "Szymczak,P"]
[Black "Blahacek,E"]
[Result "1-0"]
[WhiteElo "1646"]
[BlackElo "2010"]

1.e4 c5 2.Nf3 e6 3.d4 cxd4 4.Nxd4 Nc6 5.Nc3 Qc7 6.f3 a6 7.Nxc6 Qxc6 8.Bd3 b5
9.O-O Bb7 10.Be3 d6 11.f4 Nf6 12.Rf2 b4 13.Ne2 Nxe4 14.Rf3 Be7 15.Nd4 Qc8
16.Rh3 Nf6 17.Rc1 Qd7 18.Qe1 Kf8 19.Qxb4 Nd5 20.Qe1 Nxe3 21.Qxe3 g6 22.c4 Bf6
23.a3 Rc8 24.b4 Kg7 25.Be2 Qc7 26.Bf3 Rhd8 27.Bxb7 Qxb7 28.f5 e5 29.Qh6+ Kg8
30.Qxh7+ Kf8 31.Ne6+  1-0

[Event "17th TCh-Eur"]
[Site "Novi Sad SRB"]
[Date "2009.10.30"]
[Round "9"]
[White "Balogh,C"]
[Black "Mastrovasilis,D"]
[Result "1-0"]
[WhiteElo "2620"]
[BlackElo "2569"]

1.e4 c5 2.Nf3 e6 3.d4 cxd4 4.Nxd4 Nc6 5.Nc3 Qc7 6.Be3 a6 7.Qd2 Nf6 8.O-O-O Be7
9.f3 O-O 10.g4 b5 11.g5 Ne8 12.Nxc6 dxc6 13.h4 e5 14.h5 Be6 15.g6 Rd8 16.gxh7+ Kh8
17.Bd3 Qa5 18.Qf2 Rb8 19.Bc5 Qc7 20.Bxe7 Qxe7 21.f4 b4 22.Na4 exf4 23.Qxf4 Nf6
24.Qg5 Nd5 25.Qg3 Qc7 26.e5 Qa7 27.Rde1 Rbe8 28.Rhg1 f5 29.exf6 Nxf6 30.h6 Bg4
31.Qd6 Qf2 32.hxg7+ Kxg7 33.Rxg4+ Nxg4 34.h8=Q+  1-0

[Event "17th TCh-Eur"]
[Site "Novi Sad SRB"]
[Date "2009.10.30"]
[Round "9"]
[White "Stanojoski,Z"]
[Black "Gordon,S"]
[Result "0-1"]
[WhiteElo "2492"]
[BlackElo "2535"]

1.e4 c5 2.Nf3 e6 3.d4 cxd4 4.Nxd4 Nc6 5.Nc3 Qc7 6.Nxc6 bxc6 7.Bd3 Nf6 8.f4 d5
9.e5 Nd7 10.O-O Nc5 11.Be2 a5 12.Kh1 Be7 13.Qe1 O-O 14.Be3 a4 15.b4 Nd7 16.a3 Ba6
17.Bxa6 Rxa6 18.Qe2 Raa8 19.Na2 c5 20.c4 d4 21.Bd2 Rad8 22.Rac1 f6 23.exf6 Rxf6
24.b5 Bd6 25.Rce1 Rdf8 26.Nc1 e5 27.Nd3 exf4 28.Qf3 Kh8 29.Re2 Qa7 30.Nf2 Rg6
31.Rfe1 Qb8 32.Nd3 Nb6 33.Nb2 Qa7 34.Rc1 Rgf6 35.Re4 h6 36.Kg1 Ra8 37.Qh5 Kh7
38.Rce1 Raf8 39.Re6 Qa8 40.Rxf6 Rxf6 41.Re8 Qb7 42.Kf2 Qd7 43.Re4 g6 44.Qe2 Qf7
45.Ba5 Nd7 46.Bd8 Rf5 47.Be7 f3 48.gxf3  0-1

[Event "8th TCh-Eur w"]
[Site "Novi Sad SRB"]
[Date "2009.10.30"]
[Round "9"]
[White "Makropoulou,M"]
[Black "Guichard,P"]
[Result "0-1"]
[WhiteElo "2288"]
[BlackElo "2304"]

1.e4 c5 2.Nf3 e6 3.d4 cxd4 4.Nxd4 Nc6 5.Nc3 Qc7 6.Be3 a6 7.Bd3 Nf6 8.O-O Nxd4
9.Bxd4 Bc5 10.Bxc5 Qxc5 11.Qe2 d6 12.Kh1 O-O 13.f4 e5 14.f5 Bd7 15.g4 d5
16.exd5 Nxd5 17.Nxd5 Qxd5+ 18.Be4 Qc5 19.f6 Bc6 20.Rae1 Rfd8 21.Qf3 Bxe4
22.Rxe4 g6 23.Qe3 Qxc2 24.Rxe5 Qc4 25.Rf4 Qc6+ 26.Ree4 Rd1+ 27.Kg2 Rad8 28.Rf3 R1d6
29.g5 h6 30.gxh6 Rxf6 31.Rxf6 Qxf6 32.Re8+ Rxe8 33.Qxe8+ Kh7 34.Qf8 Qxb2+
35.Kf3 Qf6+ 36.Ke2 b6 37.h4 Qe5+ 38.Kd3 Qd5+ 39.Ke2 Qxa2+ 40.Kd1 Qd5+ 41.Ke2 Qe6+
42.Kd3 Qf6 43.Kc2 a5 44.Kb3 Qe6+ 45.Kc2 Qf5+ 46.Kd1 Qf6 47.Kc2 a4  0-1

[Event "8th TCh-Eur w"]
[Site "Novi Sad SRB"]
[Date "2009.10.30"]
[Round "9"]
[White "Zdebskaja,N"]
[Black "Pertlova,S"]
[Result "1/2-1/2"]
[WhiteElo "2410"]
[BlackElo "2226"]

1.e4 c5 2.Nf3 e6 3.d4 cxd4 4.Nxd4 Nc6 5.Nc3 a6 6.Be2 Qc7 7.O-O Nf6 8.Be3 Bb4
9.Na4 Be7 10.Nxc6 bxc6 11.Nb6 Rb8 12.Nxc8 Qxc8 13.Bd4 c5 14.Be5 Rb6 15.Qd3 d6
16.Bc3 O-O 17.b3 d5 18.exd5 Nxd5 19.Be5 Bf6 20.Bxf6 Nxf6 21.Rad1 Nd5 22.Qg3 Qb8
23.f4 a5 24.Bc4 Ne7 25.Qe3 Qc7 26.g4 Rd6 27.Rd3 Rxd3 28.Bxd3 Rd8 29.h3 Qd6
30.Qe4 Qd4+ 31.Kg2 Qxe4+ 32.Bxe4 Nd5 33.Rf3 Nb4 34.Rc3 Rc8 35.a3 Nd5 36.Rf3 c4
37.Kf2 g6 38.Bxd5 exd5 39.Rc3 Kg7 40.Ke3 Re8+ 41.Kd4 cxb3 42.Rxb3 Re2 43.Rc3 Rd2+
44.Kc5 d4 45.Rd3 Rxc2+ 46.Kxd4 Rf2 47.Ke4 Re2+ 48.Kd5 Rf2 49.Ke4 Re2+ 50.Kf3 Rh2
51.Ke4  1/2-1/2

[Event "WJun"]
[Site "Puerto Madryn ARG"]
[Date "2009.10.30"]
[Round "9"]
[White "Yu Yangyi"]
[Black "Ashwin,J"]
[Result "1-0"]
[WhiteElo "2509"]
[BlackElo "2451"]

1.e4 c5 2.Nf3 e6 3.d4 cxd4 4.Nxd4 Nc6 5.Nc3 Qc7 6.g3 a6 7.Bg2 Nf6 8.O-O d6
9.Re1 Nd7 10.Nxc6 bxc6 11.Na4 Bb7 12.c4 c5 13.a3 Ne5 14.Bf4 Be7 15.b4 Bf6
16.bxc5 dxc5 17.Rb1 O-O 18.Qb3 Rab8 19.Qb6 Qxb6 20.Rxb6 g5 21.Bxe5 Bxe5 22.Reb1 Bc6
23.Nxc5 a5 24.Rxb8 Rxb8 25.Rxb8+ Bxb8 26.e5 Ba7 27.Na6 Ba4 28.c5 Bb5 29.Nc7 Be2
30.c6 Bd4 31.Bf1 Bf3 32.Nb5 Bxe5 33.Bg2 Bxg2 34.Kxg2 Kf8 35.c7 Bxc7 36.Nxc7 Ke7
37.Nb5 Kd7 38.Kf3 Kc6 39.Nc3 Kc5 40.Ke3 Kc4 41.Kd2 Kb3 42.Nb5 Ka4 43.Nd6 f5
44.Kc3 Kxa3 45.f4 gxf4 46.gxf4 a4 47.Nb5+ Ka2 48.Kc2 h5 49.h4 a3 50.Kc3 Kb1
51.Nxa3+ Kc1 52.Nc2 Kd1 53.Kd3 Kc1 54.Nd4  1-0

[Event "IV Open"]
[Site "Bogota COL"]
[Date "2009.10.31"]
[Round "4"]
[White "Barrientos,S"]
[Black "Morales,Jh"]
[Result "1-0"]
[WhiteElo "2468"]
[BlackElo "2262"]

1.e4 c5 2.Nf3 e6 3.d4 cxd4 4.Nxd4 Nc6 5.Nc3 a6 6.f4 Nxd4 7.Qxd4 b5 8.Be2 Bb7
9.a3 Ne7 10.O-O Nc6 11.Qf2 Rc8 12.Be3 Na5 13.f5 Qc7 14.fxe6 dxe6 15.Bxb5+ axb5
16.Nxb5 Qd7 17.Rad1  1-0

[Event "Open"]
[Site "Liberec CZE"]
[Date "2009.10.31"]
[Round "9"]
[White "Loberg,J"]
[Black "Kozak,Mi"]
[Result "1/2-1/2"]
[WhiteElo "1891"]
[BlackElo "2243"]

1.e4 c5 2.Nf3 e6 3.d4 cxd4 4.Nxd4 Nc6 5.Nc3 d6 6.Be2 Nf6 7.Be3 Be7 8.Qd2 O-O
9.f4 Qc7 10.O-O-O a6 11.g4 Nd7 12.g5 Nxd4 13.Bxd4 b5 14.a3 Nb6 15.Rhf1 Re8
16.f5  1/2-1/2

[Event "TCh-NED 2009-10"]
[Site "Netherlands NED"]
[Date "2009.10.31"]
[Round "2"]
[White "Van der Weide,K"]
[Black "Rotstein,A"]
[Result "0-1"]
[WhiteElo "2462"]
[BlackElo "2538"]

1.e4 c5 2.Nf3 e6 3.d4 cxd4 4.Nxd4 Nc6 5.Nc3 Qc7 6.g4 a6 7.Bg2 Nge7 8.f4 Ng6
9.Rf1 Be7 10.g5 h6 11.Nxc6 dxc6 12.Qd4 e5 13.Qf2 exf4 14.Be3 Bxg5 15.Bb6 Qd7
16.Qc5 Qg4 17.Kf2 Be7  0-1

[Event "TCh-NED 2009-10"]
[Site "Netherlands NED"]
[Date "2009.10.31"]
[Round "2"]
[White "Sprangers,R"]
[Black "Hoolt,S"]
[Result "1-0"]
[WhiteElo "2225"]
[BlackElo "2225"]

1.e4 c5 2.Nf3 e6 3.d4 cxd4 4.Nxd4 Nc6 5.Nc3 Qc7 6.Be3 a6 7.Qd2 Nf6 8.O-O-O Bb4
9.f3 Ne5 10.Nb3 b5 11.Qe1 Be7 12.f4 Ng6 13.e5 Ng4 14.Ne4 O-O 15.Bd3 Bb7 16.Rf1 f5
17.exf6 Nxf6 18.Ng5 Nd5 19.Nxh7 Kxh7 20.Qg3 Rf6 21.Bd4 Nxf4 22.Bxf6 Nxd3+
23.Qxd3 Bxf6 24.Rxf6 gxf6 25.Qxd7+ Qxd7 26.Rxd7+ Kh6 27.Rxb7 Rd8 28.g3 e5
29.Nc5 Rd6 30.Ne4 Rd4 31.Nxf6 Kg5 32.Rb6 e4 33.Nh7+ Kg4 34.Rxg6+ Kf3 35.c3 Ra4
36.Ng5+ Kf2 37.Rf6+  1-0

[Event "13th OIBM"]
[Site "Bad Wiessee GER"]
[Date "2009.11.02"]
[Round "4"]
[White "Ries,Ber"]
[Black "Mueller,Fra3"]
[Result "0-1"]
[WhiteElo "2009"]
[BlackElo "2180"]

1.e4 c5 2.Nf3 e6 3.d4 cxd4 4.Nxd4 Nc6 5.Nc3 Qc7 6.Be2 a6 7.Be3 Nf6 8.O-O d6
9.Kh1 Be7 10.f4 O-O 11.Bf3 Bd7 12.Nce2 Rac8 13.Rc1 Rfe8 14.c4 Nxd4 15.Nxd4 e5
16.Nf5 Bf8 17.fxe5 dxe5 18.Bg5 Bxf5 19.exf5 e4 20.Bxf6 exf3 21.Bh4 fxg2+
22.Kxg2 Qc6+ 23.Qf3 Re2+ 24.Rf2 Rxf2+ 25.Bxf2 Qf6 26.Rc2 h6 27.Qxb7 Qxf5
28.Rc3 Bd6 29.Bg3 Bxg3 30.hxg3 Rd8 31.Rf3 Rd2+ 32.Kg1 Qc5+ 33.Kh1 Qh5+ 34.Kg1  0-1

[Event "Russia Cup w"]
[Site "St Petersburg RUS"]
[Date "2009.11.04"]
[Round "1.2"]
[White "Schepetkova,M"]
[Black "Shumiakina,T"]
[Result "1/2-1/2"]
[WhiteElo "2199"]
[BlackElo "2322"]

1.e4 c5 2.Nf3 e6 3.d4 cxd4 4.Nxd4 Nc6 5.Nc3 a6 6.Be3 Qc7 7.Be2 Nf6 8.O-O Bb4
9.Bf3 Ne5 10.Nce2 Be7 11.Nc3 Bb4 12.Nb1 b5 13.c3 Bd6 14.Nd2 Bb7 15.h3 Be7
16.a4 bxa4 17.Qxa4 Nxf3+ 18.N4xf3 O-O 19.Rfe1 d5 20.e5 Ne4 21.Nxe4 dxe4 22.Nd2 Bc6
23.Qa5 Qb7 24.Nc4 Bd5 25.Nd6 Qxb2 26.Reb1 Qe2 27.Qc7 Bxd6 28.exd6 Rfc8 29.Qa5 Rd8
30.Rb6 Qd3 31.Rxa6 Rac8 32.Qb6 Bc4 33.Ra7 Qxd6 34.Qb7 Qf8 35.Qxe4 Bd5 36.Qc2 Rc4
37.R1a3 Qd6 38.Qe2 Qe5 39.Qe1 Rb8 40.Bd2 Qxe1+ 41.Bxe1 h5 42.Kh2 Rb2 43.Ra2 Rxa2
44.Rxa2 Rxc3 45.Bxc3  1/2-1/2

[Event "13th OIBM"]
[Site "Bad Wiessee GER"]
[Date "2009.11.06"]
[Round "8"]
[White "Cordts,I"]
[Black "Astengo,C"]
[Result "1-0"]
[WhiteElo "2285"]
[BlackElo "2127"]

1.e4 c5 2.Nf3 e6 3.Nc3 Nc6 4.d4 cxd4 5.Nxd4 a6 6.g3 Qc7 7.Bg2 Nf6 8.O-O Nxd4
9.Qxd4 Bc5 10.Bf4 d6 11.Qd2 h6 12.Rad1 e5 13.Be3 Bg4 14.Bxc5 dxc5 15.f3 Be6
16.Nd5 Bxd5 17.exd5 Qd6 18.f4 O-O 19.fxe5 Qxe5 20.d6 Rad8 21.c3 Rd7 22.Bh3 Ne4
23.Qe2 f5 24.Qc4+ Kh8 25.Rd5 Nxd6 26.Qxc5 Qe6 27.Rfd1 Rf6 28.c4 Rc7 29.Qxc7 Qe3+
30.Kh1 Ne4 31.Qc8+ Kh7 32.Bxf5+  1-0

[Event "Russia Cup w"]
[Site "St Petersburg RUS"]
[Date "2009.11.06"]
[Round "2.3"]
[White "Manakova,M"]
[Black "Stepovaia Dianchenko,T"]
[Result "0-1"]
[WhiteElo "2344"]
[BlackElo "2384"]

1.e4 c5 2.Nf3 e6 3.d4 cxd4 4.Nxd4 Nc6 5.Nc3 Nf6 6.Ndb5 Bb4 7.a3 Bxc3+ 8.Nxc3 d5
9.exd5 exd5 10.Bd3 h6 11.O-O O-O 12.Bf4 d4 13.Nb5 Ne8 14.Re1 Be6 15.c3 dxc3
16.Nxc3 Nf6 17.h3 Qd7 18.Ne4 Nxe4 19.Bxe4 Rad8 20.Qh5 f5 21.Bxc6 bxc6 22.Bxh6 Bd5
23.Bg5 Rde8 24.Bf4 Re6 25.Rxe6 Qxe6 26.Qg5 Rf6 27.Qg3 Rg6 28.Bg5 Qe4 29.h4 Qe2
30.b4 Re6 31.Be3 Kh7 32.Qf4 Be4 33.Kh2 Rg6 34.g3 Rg4 35.Qe5 Qf3 36.Rg1 Bd5
37.Bc5 Re4 38.Qc7 Re1 39.Qf4 Qh1+  0-1

[Event "Russia Cup w"]
[Site "St Petersburg RUS"]
[Date "2009.11.06"]
[Round "2.2"]
[White "Manakova,M"]
[Black "Stepovaia Dianchenko,T"]
[Result "1-0"]
[WhiteElo "2344"]
[BlackElo "2384"]

1.e4 c5 2.Nf3 e6 3.d4 cxd4 4.Nxd4 Nc6 5.Nc3 Qc7 6.Be2 a6 7.O-O b5 8.Nxc6 dxc6
9.f4 Bb7 10.a4 Rd8 11.Qe1 Be7 12.Qg3 g6 13.Be3 b4 14.Nb1 Nf6 15.Nd2 c5 16.Bd3 h5
17.h3 h4 18.Qf2 Nh5 19.Rfe1 O-O 20.Nc4 Ng3 21.f5 exf5 22.exf5 Rxd3 23.cxd3 Nxf5
24.Bf4 Qd7 25.Ne5 Qd8 26.Ng4 Bc8 27.Re5 f6 28.Ree1 g5 29.Bh2 Nd4 30.Ne3 Rf7
31.Nc2 Nb3 32.Rad1 Bd7 33.d4 cxd4 34.Qe2 Bxa4 35.Qc4 Na5 36.Qd3 Bc5 37.Kh1 Bb5
38.Qg6+ Rg7 39.Qf5 Nb7 40.Bg1 Qd7 41.Qxf6 d3 42.Nd4 Be7 43.Qe5 Bc6 44.Nxc6 Qxc6
45.Bd4 Bf8 46.Rf1 Qd6 47.Qxd6  1-0

[Event "World Seniors"]
[Site "Condino ITA"]
[Date "2009.11.07"]
[Round "11"]
[White "Klundt,K"]
[Black "Sherwin,J"]
[Result "1/2-1/2"]
[WhiteElo "2337"]
[BlackElo "2235"]

1.e4 c5 2.Nf3 e6 3.d4 cxd4 4.Nxd4 Nc6 5.Nc3 Qc7 6.Be3 a6 7.Qd2 Nf6 8.O-O-O Bb4
9.f3 O-O 10.a3 Be7 11.g4 b5 12.g5 Ne8 13.Bf4 d6 14.Nxc6 Qxc6 15.h4 Rb8 16.h5 a5
17.Bd3 b4 18.Nb1 e5 19.Be3 Be6 20.g6 Nf6 21.Rdg1 bxa3 22.Nxa3 d5 23.Qg2 Ng4
24.exd5 Qxd5 25.fxg4 Qa2 26.gxf7+ Rxf7 27.Qe4 Qxb2+ 28.Kd1 Bxa3 29.Rf1 Qb7
30.Qxh7+ Kf8 31.Rxf7+  1/2-1/2

[Event "Frauenbundesliga 2009-10"]
[Site "Germany GER"]
[Date "2009.11.07"]
[Round "1"]
[White "Schoene,Mar"]
[Black "Pertlova,S"]
[Result "1-0"]
[WhiteElo "2265"]
[BlackElo "2232"]

1.e4 c5 2.Nf3 e6 3.d4 cxd4 4.Nxd4 Nc6 5.Nc3 a6 6.Be2 Qc7 7.Be3 Nf6 8.a3 b5
9.Nxc6 dxc6 10.O-O Bb7 11.f4 Be7 12.e5 Rd8 13.Qe1 Nd7 14.Qg3 O-O 15.Rae1 c5
16.Bg4 Kh8 17.Bc1 g6 18.Qh3 c4 19.Ne4 Bxe4 20.Rxe4 Nb6 21.Ree1 Rd7 22.Bf3 c3
23.b3 Nd5 24.g4 Rg8 25.Kh1 Bf8 26.f5 Bg7 27.f6 Bf8 28.g5 a5 29.Re4 h6 30.Rh4 Nxf6
31.exf6  1-0

[Event "Frauenbundesliga 2009-10"]
[Site "Germany GER"]
[Date "2009.11.07"]
[Round "1"]
[White "Jelica,M"]
[Black "Erben,L"]
[Result "0-1"]
[WhiteElo "2231"]
[BlackElo "2023"]

1.e4 c5 2.Nf3 e6 3.d4 cxd4 4.Nxd4 Nc6 5.Nc3 Qc7 6.Be3 a6 7.f4 Bb4 8.Qg4 g6
9.Qf3 Bxc3+ 10.bxc3 Ne5 11.fxe5 Qxc3+ 12.Kf2 Qxa1 13.Nb3 Qb1 14.g3 Qxc2+
15.Be2 f5 16.exf6 Nxf6 17.Bd4 Nxe4+ 18.Ke3 Ng5 19.Qf4 Nh3 20.Qh4 Rf8 21.Qxh3 Qxa2
22.Nd2 e5 23.Bxe5 Qd5 24.Bf4 Qc5+ 25.Kd3 Rxf4 26.Bg4 Rd4+ 27.Ke2 Qe5+ 28.Kd1 Rxd2+
29.Kxd2 Qd5+ 30.Ke2 Qxh1 31.Bf3 Qa1 32.Qxh7 Qf6 33.Be4 Qe6 34.Kd3 Qb3+ 35.Ke2 Qc4+
36.Bd3 Qe6+ 37.Kd2 b5 38.Bxg6+ Kd8 39.Qh8+ Kc7 40.Qc3+ Qc6 41.Qa5+ Kb7 42.Bd3 d5
43.Qb4 Bd7  0-1

[Event "Frauenbundesliga 2009-10"]
[Site "Germany GER"]
[Date "2009.11.08"]
[Round "2"]
[White "Klink,Ta"]
[Black "Stitterich,N"]
[Result "1-0"]
[WhiteElo "2289"]
[BlackElo "1956"]

1.e4 c5 2.Nf3 e6 3.d4 cxd4 4.Nxd4 Nc6 5.Nc3 Qc7 6.g3 d6 7.Bg2 Bd7 8.O-O a6
9.Be3 Nf6 10.f4 Be7 11.Qe2 h6 12.a4 O-O 13.Nb3 Rac8 14.a5 Nb4 15.Rad1 Rfe8
16.h3 Qb8 17.g4 Nh7 18.Qd2 Rf8 19.Bb6 Bd8 20.Rf2 Bh4 21.Re2 Bf6 22.Qxd6 Qxd6
23.Rxd6 Bxc3 24.bxc3 Bb5 25.Red2 Rxc3 26.Nd4 Ba4 27.e5 Nd5 28.Bxd5 exd5 29.Rd3 Rxd3
30.cxd3 Rc8 31.Rxd5 Nf8 32.Rd6 Ng6 33.e6 fxe6 34.Nxe6 Nh4 35.Rd8+ Rxd8 36.Bxd8 Ng6
37.f5 Ne5 38.d4 Nc4 39.d5 Bd7 40.Nc5 Bc8 41.Bc7 Kf7 42.Kf2 g6 43.fxg6+ Kxg6
44.Kf3 Kf6 45.Kf4 Ke7 46.h4 Nd6 47.g5 hxg5+ 48.hxg5 Nf7 49.g6 Nh6 50.Kg5 Ng8
51.Be5 Ke8 52.d6 Kd8 53.g7  1-0

[Event "Frauenbundesliga 2009-10"]
[Site "Germany GER"]
[Date "2009.11.08"]
[Round "2"]
[White "Socko,M"]
[Black "Jakubiec,E"]
[Result "1-0"]
[WhiteElo "2457"]
[BlackElo "2185"]

1.e4 c5 2.Nf3 e6 3.d4 cxd4 4.Nxd4 Nc6 5.Nc3 Qc7 6.Be3 Nf6 7.Be2 a6 8.O-O Be7
9.Kh1 d6 10.f4 O-O 11.Qe1 Re8 12.Qg3 Bf8 13.Rae1 Bd7 14.a3 Rac8 15.Bd3 Nxd4
16.Bxd4 e5 17.fxe5 dxe5 18.Be3 Qc6 19.Bg5 Re6 20.Bxf6 Rxf6 21.Nd5 Re6 22.c4 b5
23.Rc1 Qb7 24.b4 Bc6 25.c5 g6 26.Rcd1 Bg7 27.Bc2 Rf8 28.Qh4 Kh8 29.Rf3 f5
30.Bb3 Ree8 31.Rdf1 Qd7 32.Qg5 Qd8 33.Qe3 Qd7 34.Kg1 Qb7 35.Rh3 Rd8 36.Qg5 fxe4
37.Rxf8+ Rxf8 38.Qxg6 h6 39.Rxh6+  1-0

[Event "World Youth U18"]
[Site "Antalya TUR"]
[Date "2009.11.13"]
[Round "2"]
[White "Recuero Guerra,D"]
[Black "Pavlidis,Ant"]
[Result "1/2-1/2"]
[WhiteElo "2494"]
[BlackElo "2364"]

1.e4 c5 2.Nf3 e6 3.Nc3 Nc6 4.d4 cxd4 5.Nxd4 Qc7 6.Be3 a6 7.Qd2 Nf6 8.O-O-O Bb4
9.f3 O-O 10.g4 Ne5 11.g5 Nh5 12.Kb1 Rb8 13.a3 Bxc3 14.Qxc3 Qxc3 15.bxc3 b6
16.Rg1 Ng6 17.Nb3 f6 18.Nd2 Bb7 19.Nc4 Bc6 20.Kc1 Ne5 21.gxf6 Nxc4 22.Bxc4 Rxf6
23.Bd4 Rf7 24.Bxa6 Ra8 25.Be2 Nf4 26.Rd2  1/2-1/2

[Event "Bundesliga 2009-10"]
[Site "Bremen GER"]
[Date "2009.11.14"]
[Round "3"]
[White "Rasmussen,A"]
[Black "Jaracz,P"]
[Result "0-1"]
[WhiteElo "2535"]
[BlackElo "2547"]

1.e4 c5 2.Nf3 e6 3.d4 cxd4 4.Nxd4 Nc6 5.Nc3 Qc7 6.Be3 a6 7.Qd2 Nf6 8.O-O-O Bb4
9.f3 Ne5 10.Nb3 d5 11.Bd4 O-O 12.Qg5 Bd6 13.Kb1 dxe4 14.Nxe4 Nxe4 15.fxe4 b5
16.Qe3 Ng4 17.Qg5 e5 18.Bg1 Be6 19.Bd3 b4 20.Nd2 Be7 21.Qh5 Rfd8 22.Qh3 a5
23.Qg3 a4 24.h3 Nf6 25.Qe1 Bxa2+ 26.Kxa2 b3+ 27.Kb1 Rxd3 28.Rc1 bxc2+ 29.Rxc2 Qd7
30.Be3 a3 31.Qe2 axb2 32.Rxb2 Rda3 33.Nb3 Qa4 34.Qd3 Rxb3  0-1

[Event "Open"]
[Site "Leuven BEL"]
[Date "2009.11.15"]
[Round "7"]
[White "Dardha,A"]
[Black "Docx,S"]
[Result "0-1"]
[WhiteElo "2308"]
[BlackElo "2358"]

1.e4 c5 2.Nf3 e6 3.d4 cxd4 4.Nxd4 Nc6 5.Nc3 Qc7 6.Be2 a6 7.a4 Nf6 8.O-O Bb4
9.Nxc6 bxc6 10.Qd4 Bd6 11.Kh1 O-O 12.Bg5 Be5 13.Qd3 d5 14.exd5 cxd5 15.f4 Bxc3
16.Qxc3 Qxc3 17.bxc3 Ne4 18.Be7 Re8 19.Bb4 Bd7 20.a5 Rec8 21.Rf3 Bb5 22.Bd1 Rc4
23.Be2 Rxb4 24.cxb4 Bxe2 25.Re3 Bb5 26.c3 Rc8 27.Ra3 h5 28.Kg1 Kh7 29.g3 Kg6
30.Kg2 Kf5 31.h3 f6 32.Kh2 h4 33.gxh4 Rh8 34.Ra1 Rxh4 35.Rg1 g6 36.Rf3 Rh8
37.Ra1 Rc8 38.Ra3 Rc7 39.Kg1 Rc4 40.Kh2 d4 41.cxd4 Rxd4 42.Ra2 Rxb4 43.h4 Bc4
44.Rc2 Ra4 45.Kh3 Bd5 46.Rf1 Ra3+ 47.Kh2 Rxa5 48.Rg1 Nc5 49.Rc3 Ra2+ 50.Kh3 Ne4
51.Rcc1 Ra3+ 52.Kh2 Nf2 53.Rg3 Ng4+ 54.Kh3 Nf2+ 55.Kh2 Ra2 56.Kg1 Ng4 57.Kf1 Kxf4
58.Rcc3 Nh2+  0-1

[Event "Las Americas Open"]
[Site "Medellin COL"]
[Date "2009.11.15"]
[Round "6"]
[White "Cano,L"]
[Black "Escobar Forero,A"]
[Result "0-1"]
[WhiteElo "2212"]
[BlackElo "2478"]

1.e4 c5 2.Nf3 Nc6 3.Nc3 e6 4.d4 cxd4 5.Nxd4 Nf6 6.Nxc6 bxc6 7.e5 Nd5 8.Nxd5 cxd5
9.Bd3 d6 10.Bf4 Rb8 11.b3 Be7 12.O-O O-O 13.Qg4 g6 14.Rae1 Rb7 15.Bh6 Re8
16.f4 f5 17.Qf3 dxe5 18.fxe5 Bc5+ 19.Kh1 Qh4 20.Be3 Bf8 21.c4 d4 22.Bf2 Qd8
23.Rc1 Bc5 24.Qf4 g5 25.Qf3 Rg7 26.Qh5 Bb7 27.Be1 g4 28.Bh4 Qa8 29.Rf2 Rg6
30.Kg1 Be4 31.Rd1 Bxd3 32.Rxd3 Qe4 33.Rfd2 Qxe5 34.Bf2 Rd8 35.Qh4 Rd7 36.b4 Be7
37.Qh5 Bxb4 38.Rb2 Bc5 39.Bg3 Qe4 40.Rbb3 Rb7 41.Rxb7 Qxb7 42.Rb3 d3+ 43.Kh1 d2  0-1

[Event "World Youth U18"]
[Site "Antalya TUR"]
[Date "2009.11.16"]
[Round "5"]
[White "Jefic,S"]
[Black "Wageih,K"]
[Result "0-1"]
[WhiteElo "2105"]
[BlackElo "2324"]

1.e4 c5 2.Nf3 e6 3.d4 cxd4 4.Nxd4 Nc6 5.Nc3 Qc7 6.Be2 a6 7.O-O Nf6 8.Be3 b5
9.a3 Bb7 10.Kh1 Ne5 11.f4 Nc4 12.Bxc4 Qxc4 13.Qd3 Rc8 14.Rad1 Bxa3 15.Ncxb5 axb5
16.Qxa3 Nxe4 17.b3 Qc5 18.Qa5 O-O 19.Qe1 Qh5 20.Kg1 Qg4 21.h3 Qh5 22.Rc1 Rc3
23.Bd2 Nxd2 24.Qxd2 Rg3 25.Rf2 Qxh3 26.Re1 b4 27.f5 Qg4 28.fxe6 dxe6 29.Nxe6 Bxg2
30.Rxg2 fxe6 31.Re2 Ra8 32.Qe1 Qd4+ 33.Kh2 Qh4+ 34.Kg1 Rxg2+ 35.Kxg2 Qxe1
36.Rxe1 Rc8  0-1

[Event "World Youth U18"]
[Site "Antalya TUR"]
[Date "2009.11.16"]
[Round "6"]
[White "Recuero Guerra,D"]
[Black "Faizulaev,A"]
[Result "1-0"]
[WhiteElo "2494"]
[BlackElo "2303"]

1.e4 c5 2.Nf3 e6 3.Nc3 Nc6 4.d4 cxd4 5.Nxd4 d6 6.Be3 Nf6 7.Qd2 a6 8.O-O-O Bd7
9.f3 h5 10.Kb1 b5 11.Nxc6 Bxc6 12.Ne2 Qc7 13.h3 Be7 14.Nd4 Bd7 15.Bg5 Qb6
16.Be2 b4 17.Be3 Qb7 18.g4 h4 19.Bd3 a5 20.g5 Nh5 21.g6 Ng3 22.gxf7+ Kxf7
23.Rhg1 Bf6 24.Ne2 a4 25.Nxg3 b3 26.cxb3 hxg3 27.Rxg3 axb3 28.a3 Rhc8 29.Bg5 Be5
30.f4 Bd4 31.e5 dxe5 32.fxe5 Bxe5 33.Bf4  1-0

[Event "World Blitz"]
[Site "Moscow RUS"]
[Date "2009.11.16"]
[Round "5"]
[White "Gashimov,V"]
[Black "Polgar,Ju"]
[Result "1-0"]
[WhiteElo "2758"]
[BlackElo "2680"]

1.e4 c5 2.Nc3 Nc6 3.Nf3 e6 4.d4 cxd4 5.Nxd4 a6 6.g4 d6 7.Be3 Bd7 8.Qe2 Rc8
9.O-O-O Nge7 10.Nb3 Ng6 11.h4 b5 12.f4 Qc7 13.h5 Nge7 14.Kb1 Nd8 15.Qd2 b4
16.Ne2 d5 17.Bg2 Bc6 18.e5 a5 19.Nbd4 Bd7 20.f5 a4 21.Rhf1 b3 22.cxb3 axb3
23.a3 Qb8 24.Nf4 Nec6 25.fxe6 fxe6 26.Bxd5 Nxd4 27.Bxd4 Rc2 28.Qe3 exd5 29.e6 Bb5
30.Qxb3 Rc4 31.Nxd5 Nc6 32.Qxb5 Qxb5 33.Nc7+ Ke7 34.Rf7+ Kd6 35.Rd7+  1-0

[Event "TCh-NED 2009-10"]
[Site "Netherlands NED"]
[Date "2009.11.21"]
[Round "3"]
[White "Bok,B"]
[Black "Nijboer,F"]
[Result "0-1"]
[WhiteElo "2351"]
[BlackElo "2540"]

1.e4 c5 2.Nf3 e6 3.d4 cxd4 4.Nxd4 Nc6 5.Nc3 Qc7 6.Be3 a6 7.Qd2 Nf6 8.O-O-O Be7
9.f3 h5 10.Nxc6 bxc6 11.Bf4 e5 12.Bg5 Bb7 13.Bc4 Rd8 14.Bb3 O-O 15.g4 d5
16.Bxf6 Bxf6 17.exd5 cxd5 18.Nxd5 Rxd5 19.Bxd5 Rd8 20.g5 Rxd5 21.Qe3 Qc5
22.Qb3 Bxg5+ 23.Kb1 Qc6 24.Rhg1 Rxd1+ 25.Rxd1 Qxf3  0-1

[Event "TCh-NED 2009-10"]
[Site "Netherlands NED"]
[Date "2009.11.21"]
[Round "3"]
[White "Smeets,J"]
[Black "Swinkels,R"]
[Result "1-0"]
[WhiteElo "2650"]
[BlackElo "2511"]

1.e4 c5 2.Nf3 e6 3.d4 cxd4 4.Nxd4 Nc6 5.Nc3 Qc7 6.Be3 a6 7.Qd2 Nf6 8.O-O-O Be7
9.f3 h5 10.Bd3 d6 11.Kb1 Ne5 12.Bg5 Nxd3 13.cxd3 b5 14.Rc1 Qd7 15.h3 Bb7
16.Nce2 Bd8 17.Rc2 e5 18.Nb3 a5 19.Bxf6 gxf6 20.d4 a4 21.Nbc1 Ba5 22.Qe3 Bb6
23.Rd1 b4 24.Ng3 Bxd4 25.Rxd4 exd4 26.Qxd4 b3 27.axb3 axb3 28.Nxb3 Qa4 29.Qxf6 Qa2+
30.Kc1 Qxb3 31.Nf5 Ra1+ 32.Kd2 Qb4+ 33.Ke3 Re1+ 34.Kf2 Qb6+ 35.Kxe1 Qg1+
36.Kd2 Qf2+ 37.Kc3 Qc5+ 38.Kb3 Qb5+ 39.Ka2 Qa6+ 40.Kb1 Qf1+ 41.Rc1 Qd3+ 42.Ka2 Qa6+
43.Kb3 Qb5+ 44.Kc2 Qe2+ 45.Kc3 O-O 46.Qg7+  1-0